Estadísticas para Anagramas - Estados de México

Haz click aquí para intentar la prueba.

Estadísticas generales

  • Esta prueba ha sido intentada 54 veces
  • La puntuación promedio es 10 de 15

Estadísticas de respuestas

Estado% Correcto
México
91%
Veracruz
89%
Chihuahua
86%
Jalisco
86%
Sonora
78%
Guerrero
76%
Oaxaca
76%
Colima
75%
Puebla
72%
Durango
70%
Nuevo León
68%
Zacatecas
68%
Chiapas
67%
Querétaro
67%
Campeche
65%
Guanajuato
65%
Yucatán
65%
Aguascalientes
64%
Nayarit
63%
San Luis Potosí
62%
Baja California
60%
Tlaxcala
58%
Ciudad de México
56%
Tabasco
56%
Hidalgo
53%
Morelos
53%
Sinaloa
53%
Quintana Roo
50%
Tamaulipas
48%
Michoacán
47%
Coahuila
46%
Baja California Sur
43%

Distribución de puntuación

Porcentaje por número respondido

Porcentaje de gente con cada puntuación

Historial de tus puntuaciones

No has intentado esta prueba.